000 00467nam a2200169 a 4500
001 000037257
005 20200930080238.0
008 120321s2011 bl 000 0 spa d
020 _a9788561950040
040 _aDO-SdBNP
_bspa
_cBNPHU
082 _axxx
_bR484e, 2011
100 1 _aRibeiro, Darcy,
_d1922-1997
_928553
245 1 0 _aEnsaios insólitos /
_cDarcy Riberio.
250 _a2a ed.
260 _aRio de Janeiro :
_bLudens,
_c2011.
300 _a221 p. ;
_c21 cm.
999 _c36747
_d36747